000 00592nam a2200229Ia 4500
003 OSt
005 20220924143743.0
006 a|||||r|||| 00| 0
007 ta
008 220923b |||||||| |||| 00| 0 urd d
024 _a309995
037 _cTextual
040 _aARTS
_cARTS
_burd
041 _2urd
_aurd
082 _aO168:gx, L3
100 _aDardayi Mohammad Mueenuddin
_9216727
245 0 _aMaqalmat-e-barelwi
260 _c1973
650 _aURDU LITERATURE
942 _hO168:gx, L3
_cTEXL
_2CC
999 _c455605
_d455605